| 000 | 00728nam a2200181 i 4500 | ||
|---|---|---|---|
| 001 | 24965 | ||
| 003 | ES-MaACL | ||
| 005 | 20230906153153.0 | ||
| 007 | t| | ||
| 008 | 021219s1881 xxu ||||1| spa d | ||
| 245 | 0 | 1 | _a[Apuntes sobre los actos políticos del general Don Camilo Polavieja y del Castillo como comandante general y gobernador civil de la provincia de Santiago de Cuba]. |
| 260 |
_a[S.l. : _bs.n., _c1881?] |
||
| 300 |
_a16 p. ; _c20 cm. |
||
| 594 | _aEjemplar sin port.; título y contenido deducidos del texto. Al final del texto: New York, setiembre de 1881. | ||
| 600 | 1 | 4 |
_aGarcía de Polavieja y del Castillo, Camilo. _954486 |
| 651 | 4 |
_aCuba- _xHistoria- _y1878-1895. _98095 |
|
| 852 |
_aES-MaACL _jT-360-F-21 |
||
| 999 |
_c24965 _d24965 |
||